| 000 | 00508nam a2200181Ia 4500 | ||
|---|---|---|---|
| 005 | 20250508155455.0 | ||
| 008 | 008 250505s9999 xx 000 0 eng d | ||
| 037 | _aTextual | ||
| 040 |
_aFEDL _beng _cFEDL |
||
| 041 |
_aeng _2eng |
||
| 084 |
_a309.230954, IND _qFEDL |
||
| 245 | 0 | _aDraft third five year plan for education | |
| 245 | 0 | _cMinistry of Education Government of India | |
| 260 | _c1960 | ||
| 300 | _a258p. | ||
| 942 |
_cTEXL _h309.230954, IND |
||
| 999 |
_c1357141 _d1357141 |
||